Les mélanges de couleurs (en peinture) - Mort subite - Statistiques

Statistiques générales
  • Ce quiz a été pris 21 fois
  • Le résultat moyen est 5 sur 14
Answers on the Grid
Answers color-coded by a green-red scale on the quiz's grid according to % correct below.
Vraie couleur primaire = CYAN
Vraie couleur primaire = MAGENTA
Vraie couleur primaire = JAUNE
Bleu + Jaune = VERT
Rouge + Bleu = VIOLET
Jaune + Rouge = ORANGE
Rouge + Blanc = ROSE
Bleu + Vert = TURQUOISE
Noir + Blanc = GRIS
Blanc + Marron + Jaune = BEIGE
Bleu + Violet = INDIGO
Rouge + Violet = POURPRE
Bleu + Noir = BLEU MARINE
Rose + Jaune = SAUMON
Rose + Vert = BLEU
Bleu + Vert = INDIGO
Rouge + Gris = BEIGE
Vraie couleur primaire = OCRE
Vraie couleur primaire = ROUGE
Vraie couleur primaire = BLEU
Saumon + Olive = MARGHERITA
Violet + Orange = KAKI
Jaune + Rouge = VERT
Bleu + Jaune = VIOLET
Jaune + Violet = INDIGO
Orange + Blanc = FUSCHIA
 
Statistiques - réponses
Réponse % Correct
Rouge + Bleu = VIOLET
57%
Noir + Blanc = GRIS
50%
Rouge + Blanc = ROSE
50%
Bleu + Jaune = VERT
43%
Bleu + Noir = BLEU MARINE
43%
Vraie couleur primaire = CYAN
43%
Vraie couleur primaire = JAUNE
43%
Bleu + Vert = TURQUOISE
36%
Jaune + Rouge = ORANGE
36%
Vraie couleur primaire = MAGENTA
36%
Rose + Jaune = SAUMON
29%
Rouge + Violet = POURPRE
29%
Bleu + Violet = INDIGO
21%
Blanc + Marron + Jaune = BEIGE
7%
Aucun quiz correspondant
Distribution des résultats
% des personnes avec chaque résultat
Percentile par nombre de réponses
Votre historique - résultats
Vous n’avez pas pris ce quiz